| 000 | 01549nam a2200421 i 4500 | ||
|---|---|---|---|
| 001 | 107 | ||
| 003 | KOSZ 005 | ||
| 005 | 20200429092640.0 | ||
| 008 | 961010s1977 pl f f |000 0 pol d | ||
| 040 |
_cKOSZ 005 _aKOSZ 005 _dKOSZ 005/AR _dKOSZ 005/HR |
||
| 041 | _apol | ||
| 080 | _a531 | ||
| 080 | _a(075.8+076) | ||
| 245 | 1 | 0 |
_aZbiór zadań z mechaniki ogólnej : _bpraca zbiorowa. _nT. 2, _pKinematyka i dynamika / _cpod redakcją Jerzego Leyki i Jana Szmeltera ; [autor : Mirosław Banasiak i inni]. |
| 246 | 3 | 0 | _aKinematyka i dynamika |
| 250 | _aWydanie 3. | ||
| 260 |
_aWarszawa : _bPaństwowe Wydawnictwo Naukowe, _c1977. |
||
| 300 |
_a435, [1] stron : _bilustracje ; _c24 cm. |
||
| 336 |
_aTekst _btxt _2rdacontent |
||
| 337 |
_aBez urządzenia pośredniczącego _bn _2rdacontent |
||
| 338 |
_aWolumin _bnc _2rdacarrier |
||
| 380 | _aKsiążki | ||
| 380 | _aPublikacje dydaktyczne | ||
| 385 |
_mPoziom nauczania _aSzkoły wyższe |
||
| 388 | _a1901-2000 | ||
| 388 | _a1945-1989 | ||
| 650 | 7 | _aMechanika | |
| 650 | 7 | _aKinematyka | |
| 650 | 7 | _aDynamika | |
| 655 | 7 | _aĆwiczenia i zadania dla szkół wyższych | |
| 658 | _aFizyka i astronomia | ||
| 700 | 1 |
_aLeyko, Jerzy _d(1918-1995) _eRedakcja |
|
| 700 | 1 |
_aSzmelter, Jan _d(1920-1978) _eRedakcja |
|
| 700 | 1 |
_aBanasiak, Mirosław _eAutor |
|
| 710 | 2 |
_aPaństwowe Wydawnictwo Naukowe _4pbl |
|
| 856 |
_uhttp://koha.tu.koszalin.pl/cgi-bin/koha/opac-detail.pl?biblionumber=107 _yKatalog online BPK |
||
| 942 |
_cKS _2UKD |
||
| 999 |
_c107 _d107 |
||